LEADER 02329nam a2200397 u 4500 001 000000044462 003 CaOOAMICUS 005 20101021121516.0 008 990427s1575 it u001 u lat r 026 $aa-48 n-54$biofa cope (3)$c1575 (R)$dpt.1 026 $atoin etip$bdeis beCa (3)$c1575 (R)$dpt.2 035 $a10821475 040 $aPUL(R)$bita 100 1 $aCorti, Francesco,$dm. 1495.$0(OLS)http://pul/name/32445 245 10$aConsiliorum Francischini Curtii iunioris, iurecons. ... Pars prima [-Volumen secundum] nunc iam et tersius et fidelius quam antea castigata ac expolita . 260 $aVenetiis :$bex officina Ioan. Baptistae Somaschi,$c1575$e(Venetiis :$fapud Ioannem Bapt. Somaschum,$g1575) 300 $a[16], 112, 140 c. ;$cfol. (32 cm). 500 $aMarca tipogr. sul front.: Centauro con arco nella mano sinistra, faretra a tracolla e serpente attorno al braccio destro. In cornice figurata. Motto: "Viribus iungenda sapientia" (U7). 500 $aTesto su colonne. 500 $aSegnatura pt.1: A-B8 A6 B-O8 a-q8 r-s6. 500 $aColophon alla fine della Pars Prima. 500 $aLe 140 c. contengono il Volumen secundum. 500 $aMarca tipografica sul colophon della Pars Prima: Centauro con arco nella mano sinistra, faretra a tracolla e serpente attorno al braccio destro. Motto: "Viribus iungenda sapientia" (U128). 500 $aIniziali xil. 500 $aInclude registri. 500 $aSegnatura pt.2: a-q8 r-s6. 662 $aItalia$dVenezia.$0(OLS)http://pul/subject/34951 710 0 $aSomasco, Giovanni Battista$4pbl.$0(OLS)http://pul/name/72798 850 $aPUL 852 $aPUL$W1$xDP1 Antico 500$y12$m202 F 6$j59839$nBK-PRI$qStampati Antico$B59839$CPULBib$Z2$F59839 $HPUL3608 $82 900 $aCurzio, Francesco,$dm. 1495$932445 941 1 $a15 961 $aAutore e titolo dell'opera abbreviato sul dorso.Timbri sul front.: Pontificio Seminario Romano e Bibliotheca Pontificium Institutum Utriusque Iuris. 996 $6245$aConsiliorum Francischini Curtii iunioris, iurecons. ... Pars prima [-Volumen secundum] nunc iam et tersius et fidelius quam antea castigata ac expolita $9(OLS)http://pul/title/59925 996 $6260$aVenetiis :$bex officina Ioan. Baptistae Somaschi$9(OLS)http://pul/publisher/65753 LEADER 01762nam a2200397 u 4500 001 000000062855 003 CaOOAMICUS 005 20070226121159.0 008 011011s1943 fr u000 u fre u 035 $a10906084 040 $aPUL(R)$bita 041 1 $afre$hrus 100 1 $aBulgakov, Sergei? Nikolaevic,$d1871-1944.$0(OLS)http://pul/name/36027 240 10$aAgnets Bojii, O. Bogotchelovetchestve, tchast 'I.$lFrancese.$0(OLS)http://pul/title/83809 245 13$aLa sagesse divine et la théanthropie.$nI,$pDu verbe incarné : (Agnus Dei) /$cSerge Boulgakov ; traduit du russe par Constantin Andronikof. 246 30$aDu verbe incarné :$b(Agnus Dei) 260 $aParis :$bAubier, Montaigne,$cc1943. 300 $a382 p. ;$c23 cm 490 1 $aReligion ;$v1 504 $aBibliografia in nota. 600 04$aIesus Christus.$0(OLS)http://pul/subject/207 650 4$aIncarnazione.$0(OLS)http://pul/subject/4447 700 1 $aAndronikov, Konstantin.$0(OLS)http://pul/name/11958 830 0$aReligion ;$v1.$0(OLS)http://pul/title/83841 850 $aPUL 852 $aPUL$W1$xDP2 Religione 1$y63$m69 F 31$j81642$nBK-PRI$qStampati$B81642$CPULBib$Z2$F81642 $82 852 $aPUL$W1$xDP1 Fondo Bordoni$y120$m3 G 28$j166725$qFondi$B175574$CPULBib$Z2$F175574 $HBor619 $81 941 1 $a1 941 1 $a8 960 $aCristologia$9207 960 $aCristologia$9207 960 $aGesù Cristo$9207 961 $aINV: 12171 996 $6245$aLa sagesse divine et la théanthropie.$nI,$pDu verbe incarné : (Agnus Dei)$9(OLS)http://pul/title/83839 996 $6246$aDu verbe incarné :$b(Agnus Dei)$9(OLS)http://pul/title/83840 996 $6260$aParis :$bAubier, Montaigne$9(OLS)http://pul/publisher/55029